| 000 | 00862nam a22002297a 4500 | ||
|---|---|---|---|
| 003 | UA-OsUOA | ||
| 001 | 40396 | ||
| 007 | ta | ||
| 008 | 20080610b un ||||| |||| 00| 0 ukr d | ||
| 090 |
_a082/82(091).477.8 _bШ32 |
||
| 942 | _cBK | ||
| 040 |
_aUA-OsUOA _bukr _cUA-OsUOA _dUA-OsUOA |
||
| 245 |
_aШашкевичіяна _bВипуск 5-6 _c"Русалка Дністрова" у всеукраїнському та світовому вимірі; "Руська Трійця" у контексті визвольних змагань і нової української літератури |
||
| 300 | _a641 с. | ||
| 955 | _a1 | ||
| 041 | _aukr | ||
| 080 | _a082/82(091).477.8 | ||
| 260 |
_aЛьвів _c2004 |
||
| 246 | 3 | 1 | _aЗбірник наукових праць |
| 650 | 7 |
_a08 Видання. Колективні праці _2UDC |
|
| 999 |
_c438904 _d438904 |
||